000 00613nam a2200145Ia 4500
008 090122s9999 xx 000 0 und d
082 _b6036
_a320
100 _aपंडित
_bनलिनी
245 _aमहाराष्ट्रातील राष्ट्रवादाचा विकास
600 _aपंडित
630 _aमहाराष्ट्रातील राष्ट्रवादाचा विकास
700 _aपंडित
730 _aमहाराष्ट्रातील राष्ट्रवादाचा विकास
942 _cBOOK
999 _c30113
_d30113